| 000 | 00846cab a2200253 4500 | ||
|---|---|---|---|
| 001 | ABS50289 | ||
| 008 | 090401t1994 xxu||||| |||| 00| 0 eng d | ||
| 035 | _a(Sirsi) u75092 | ||
| 041 | _aeng | ||
| 100 | _aO`Brien, G. | ||
| 245 | _aConducting a preliminary environmental review: a case study of Newcastle International Airport | ||
| 260 | _c1994 | ||
| 350 | _a0 | ||
| 490 |
_aEnvironmental Policy and Practice _v3(4) February 1994, 273-286(14) |
||
| 520 | _aCase study of conducting a preliminary environmental review for Newcastle International Airport. | ||
| 650 | _aAIRPORTS | ||
| 650 | _aENVIRONMENTAL AUDITS | ||
| 650 | _aENVIRONMENTAL MANAGEMENT SYSTEMS | ||
| 650 | _aENVIRONMENTAL REVIEW | ||
| 650 | _aNEWCASTLE INTERNATIONAL AIRPORT | ||
| 690 | _aENVIRONMENTAL AND LAND CONSULTANCY | ||
| 942 | _n0 | ||
| 948 | _c04/03/1997 | ||
| 999 |
_c47310 _d47310 |
||